000 01025nam a2200193 4500
005 20241129112859.0
010 _aB-761338
020 _a9789392214233
_c250.00
035 _aB-761338
037 _bउपहार
082 _a363.70071
100 _aसंजय कुमार
_974334
245 _aपर्यावरण संरक्षण में स्कूल प्रबंधन की भूमिका /
_cसंजय सिंह; नसीब सिंह. एवं अन्य
260 _aनई दिल्ली
_bलिटरेचर लैण्ड
_c2023
270 _aजे-75-76, गली नं. 7, रामापार्क रोड, मोहन गार्डन, उत्तम नगर,
_bनई दिल्ली
_e110059
300 _a50पृ.
_b24सेमी(सजिल्द)
_cसचित्र
942 _2ddc
_cCH
_h363.70071
_mसंजय
999 _c207198
_d207198